LEADER 02281nas1 2200445 i 450 001 RAV0073134 005 20231121125629.0 011 $a0004-0339 011 $z0391-7770$b(errato) 100 $a20010105b18421851||||0itac50 ba 101 | $aita 102 $ait 110 $aazu|||||||| 181 1$6z01$ai $bxxxe 182 1$6z01$an 200 1 $aArchivio storico italiano$eossia raccolta di opere e documenti finora inediti o divenuti rarissimi riguardanti la storia d'Italia 207 0$aTomo 1-tomo 16, p. 2 210 $aFirenze$cG. P. Vieusseux$d1842-1851 215 $a16 volumi$d23 cm 300 $aPeriodicità irregolare 326 $aTrimestrale 440 1 $1001RAV0073119$12001 $aArchivio storico italiano 463 1$1001ANA0095908$12001 $aDelle istorie pisane$elibri 16$fdi Raffaello Roncioni$gcon illustrazioni di Francesco Bonaini$v6 463 1$1001ANA0095914$12001 $aCronache milanesi scritte da Giovan Pietro Cagnola, Giovanni Andrea Prato e Giovan Marco Burigozzo ora per la prima volta pubblicate$v3(1842) 463 1$1001PUV0569170$12001 $aIndice tripartito della prima serie dell'Archivio storico italiano, cioè dei 16 tomi di esso archivio e dei 9 dell'appendice 463 1$1001RML0060866$12001 $aVite di illustri italiani inedite o rare$econ illustrazioni$v4(1843) 463 1$1001RMR0001653$12001 $aStoria della guerra di Paolo 4. sommo pontefice contro gli spagnuoli$fscritta da Pietro Nores$v12 517 1 $aRaccolta di opere e documenti finora inediti o divenuti rarissimi riguardanti la storia d'Italia. -$9RAV0073136 801 3$aIT$bIT-01$c20010105 850 $aIT-RM028 $aIT-RM0290 $aIT-RM0313 $aIT-RM0249 $aIT-RM0460 899 $aBiblioteca Universitaria Alessandrina$bRM028 $41(1842)-16(1851).$eN 899 $aBIBLIOTECA ANGELICA$bRM0290 899 $aBIBLIOTECA CASANATENSE$bRM0313 899 $aSOCIETA' ROMANA DI STORIA PATRIA$bRM0249 899 $aBiblioteca Dell' Archivio Centrale Dello Stato$bRM0460 912 $aRAV0073134 967 $m5 977 $a 01$a 06$a 07$a 09$a 10$a 11$a 12$a 14$a 15$a 24$a 25$a 27$a 36$a 41$a 53 996 $aArchivio storico italiano$984781 997 $aUNICAS LEADER 02275nam0 22004693i 450 001 NAP0213570 005 20251003044246.0 100 $a19990722d1999 ||||0itac50 ba 101 | $aita 102 $ait 181 1$6z01$ai $bxxxe 182 1$6z01$an 183 1$6z01$anc$2RDAcarrier 200 1 $aArechi, principe dei Longobardi e duca dei Sanniti$ela nascita del principato longobardo di Benevento$fMassimo P. Cavalluzzo, Benito Fusco$gfotografie Enzo Gravina 210 $a[S.l.]$cAssociazione culturale "Tra il Sabato e il Calore"$dstampa 1999$eFoglianise$gPiesse 215 $a120 p.$cill.$d24 cm 225 | $aCollana storica$v2 410 0$1001NAP0213575$12001 $aCollana storica$v2 606 $aLongobardi$xItalia meridionale$2FIR$3CFIC091368$9I 606 $aARECHI $2FIR$3NAPC059490$9I 700 1$aCavalluzzo$b, Massimo P.$3NAPV078476$4070$0700274 701 1$aFusco$b, Benito$3NAPV078477$4070$0700275 702 1$aGravina$b, Enzo$3NAPV078478$4600 801 3$aIT$bIT-000000$c19990722 850 $aIT-BN0095 $aIT-SA0249 $aIT-SA0188 $aIT-AV0007 $aIT-BN0010 $aIT-CE0072 $aIT-AV0151 $aIT-BN0098 $aIT-BN0052 $aIT-BN0139 $aIT-BN0015 $aIT-NA0681 901 $bNAP PM$cFAC $n$ 901 $bNAP CF$cA $n$ 901 $bNAP MG$cCON $n$ 901 $bNAP AM$cB. AMALF. $n$ 901 $bNAP PB$cSEZ.BENEVE$n$ 901 $bNAP 75$cSTORIA $n$ 901 $bNAP CE$cBIBL.SOPR.$n$ 901 $bNAP AV$cSEZ. M $nSezione Moderna 901 $bNAP 01$cBCA $nComprende monografie e periodici di diritto, testi di ingegneria, di scienze e tecnologia di nuova acquisizione. 901 $bNAP NB$cSEZ.LOCALE$n$ 901 $bNAP CB$cMOD $nlibri moderni dal 1831 901 $bNAP CU$cF. PAREO $n$ 912 $aNAP0213570 950 0$aBiblioteca Centralizzata di Ateneo$c1 v.$d 01BCA LETT. 127$e 01 0000139795 VMA 1 v.$fY $h20250609$i20250701 977 $a 01$a 75$a AM$a AV$a CB$a CE$a CF$a CU$a MG$a NB$a PB$a PM 996 $aArechi, principe dei Longobardi e duca dei Sanniti$94402015 997 $aUNISANNIO